000 00394 a2200157 4500
001 67244
020 _a51110043882
040 _cAnchieta - Pituba
100 _aDantas, Antonio Mendes
240 1 0 _aMatemática financeira com a máquina HP-12C
_lpor
245 1 0 _aMatemática financeira com a máquina HP-12C
300 _a181p.
362 0 _a2001
650 4 _aMatemática
942 _cBK
999 _c67244
_d67244